Wszystkie partie w Sejmie od 1989 roku - Statystyki

Ogólne statystyki
  • Ten quiz został rozwiązany 787 razy
  • Średni wynik to 19 z 65
Statystyki odpowiedzi
KADENCJA PARTIA % Poprawnych
IV - X Platforma Obywatelska
99%
III - X Prawo i Sprawiedliwość
99%
I - X Polskie Stronnictwo Ludowe
95%
VIII - X Konfederacja
93%
IX Lewica Demokratyczna
88%
I - VII Sojusz Lewicy Demokratycznej
88%
IX - X Polska 2050
83%
IX - X Razem
74%
VIII - X Kukiz'15
70%
IX - X Nowa Lewica
69%
VIII - X .Nowoczesna
69%
VIII - X Zieloni
64%
IV - V Samoobrona RP
63%
IV - V Liga Polskich Rodzin
59%
I Polska Partia Przyjaciół Piwa
56%
II, IX - X Polska Partia Socjalistyczna
48%
II - III Unia Wolności
45%
VII Ruch Palikota
44%
I - II, IV, IX - X Unia Pracy
44%
VII Solidarna Polska
43%
II - III Akcja Wyborcza Solidarność
40%
I Porozumienie Centrum
40%
VIII - X Inicjatywa Polska
36%
I, VIII Unia Polityki Realnej
33%
I Unia Demokratyczna
32%
I Kongres Liberalno-Demokratyczny
25%
I - IX Mniejszość Niemiecka
25%
I - II Konfederacja Polski Niepodległej
23%
I Zjednoczenie Chrześcijańsko-Narodowe
19%
IV, VI Socjaldemokracja Polska
16%
VIII - IX Unia Europejskich Demokratów
16%
III - IV Ruch Odbudowy Polski
14%
II Bezpartyjny Blok Wspierania Reform
13%
I Partia X
13%
VI Polska Jest Najważniejsza
12%
VII Polska Razem
12%
VIII Teraz!
9%
I Porozumienie Ludowe
7%
I Chrześcijańska Demokracja
6%
IX Polskie Sprawy
5%
V Prawica Rzeczypospolitej
5%
II - IV Stronnictwo Konserwatywno-Ludowe
5%
VII Biało-Czerwoni
4%
I Polski Program Liberalny
4%
I Akcja Polska
3%
I Konwencja Polska
3%
I NSSZ "Solidarność"
3%
I Partia Chrześcijańskich Demokratów
3%
I Partia Emerytów i Rencistów "Nadzieja"
3%
I Polski Program Gospodarczy
3%
IV Porozumienie Polskie
3%
IV Ruch Katolicko-Narodowy
3%
V Ruch Ludowo-Narodowy
3%
IV Ruch Patriotyczny
3%
I Solidarność Pracy
3%
III Alternatywa
2%
IX Demokracja Bezpośrednia
2%
IV Dom Ojczysty
2%
VIII - IX Konserwatyści
2%
VIII Przywrócić Prawo
2%
I Ruch dla Rzeczpospolitej
2%
IV Stronnictwo Gospodarcze
2%
III Nasze Koło
1%
II Nowa Demokracja
1%
II Porozumienie Prawicy - Solidarni w Wyborach
1%
Nie znaleziono quizów pasujących do podanych kryteriów
Rozkład punktacji
Procent ludzi z każdym wynikiem
Percentyl według liczby udzielonych odpowiedzi
Twoja historia wyników
Nie rozwiązałeś tego quizu